| 000 | 00664nam a22002057a 4500 | ||
|---|---|---|---|
| 999 |
_c14454 _d14454 |
||
| 003 | AR-CdUCM | ||
| 008 | 190423b ||||| |||| 00| 0 spa d | ||
| 020 | _a978-958-766-673-1 | ||
| 040 |
_aMUNICIPALIDAD PROVINCIAL DEL CUSCO _cBIBLIOTECA MUNICIPAL DEL CUSCO |
||
| 082 |
_aPI / 376.1 / _bP23 |
||
| 110 |
_aPanamericana _932782 |
||
| 245 | _aEl viejo Macdonald tenia una granja / | ||
| 260 |
_aBogotá : _bPanamericana, _c2015. |
||
| 300 |
_a4 páginas ; _bIlustraciones, _c25 cm. |
||
| 650 |
_aLiteratura infantil _9588 |
||
| 650 |
_aCuentos infantiles _93927 |
||
| 700 |
_aMoure, Andre (traducción) _933242 |
||
| 942 |
_2ddc _cLIBROS |
||
| 945 |
_apjha _d2019-05-02 |
||